[Event "Girona Provincial-ch"]
[Site "Girona"]
[Date "2011.10.16"]
[Round "3"]
[White "Garcia Castany Musellas, Gal La"]
[Black "Dorca Clara, Jordi"]
[Result "1-0"]
[WhiteElo "2037"]
[BlackElo "1733"]
[PlyCount "65"]
[EventDate "2011.10.09"]
[EventType "swiss"]
[EventRounds "9"]
[EventCountry "ESP"]
[SourceTitle "EXT 2013"]
[Source "ChessBase"]
[SourceDate "2012.11.22"]
[SourceVersion "1"]
[SourceVersionDate "2012.11.22"]
[SourceQuality "1"]

1. e4 e5 2. Nf3 Nc6 3. Bc4 Be7 4. d4 d6 5. dxe5 dxe5 6. Qxd8+ Nxd8 7. Nxe5 Bd6 8. Nd3 f6 9. Nc3 a6 10. a4 Be6 11. Nd5 Ne7 12. Bf4 Bxd5 13. exd5 Nf7 14. 0-0 0-0-0 15. Rfe1 Ng6 16. Bxd6 Nxd6 17. Ba2 h5 18. c4 Rhe8 19. c5 Rxe1+ 20. Rxe1 Nf5 21. a5 Nd4 22. Re4 Nb5 23. f4 Nh4 24. h3 Nf5 25. g4 hxg4 26. hxg4 Nfd4 27. f5 Kd7 28. Kg2 Re8 29. Rxe8 Kxe8 30. Nf4 Kf8 31. Kg3 g5 32. fxg6 Kg7 33. Bb1 1-0